From witchcraft to Christ/ (Record no. 2670)
[ view plain ]
| 000 -LEADER | |
|---|---|
| fixed length control field | 00711cam a2200241 a 4500 |
| 001 - CONTROL NUMBER | |
| control field | 1369682 |
| 003 - CONTROL NUMBER IDENTIFIER | |
| control field | GBCCL |
| 005 - DATE AND TIME OF LATEST TRANSACTION | |
| control field | 20241126110436.0 |
| 008 - FIXED-LENGTH DATA ELEMENTS--GENERAL INFORMATION | |
| fixed length control field | 810128t19811973tnu 000 0aeng |
| 010 ## - | |
| -- | 81000764 |
| 020 ## - INTERNATIONAL STANDARD BOOK NUMBER | |
| International Standard Book Number | 057000070x |
| 040 ## - CATALOGING SOURCE | |
| Original cataloging agency | DLC |
| Transcribing agency | DLC |
| Modifying agency | DLC |
| 050 00 - | |
| -- | BV4935.I78 |
| -- | A33 1981 |
| 082 00 - DEWEY DECIMAL CLASSIFICATION NUMBER | |
| Classification number | 248.246092 |
| -- | B |
| Edition information | 19 |
| Item number | IRV |
| 100 1# - MAIN ENTRY--PERSONAL NAME | |
| Personal name | Irvine, Doreen. |
| 9 (RLIN) | 5624 |
| 245 10 - TITLE STATEMENT | |
| Title | From witchcraft to Christ/ |
| Statement of responsibility, etc. | Doreen Irvine. |
| 260 ## - PUBLICATION, DISTRIBUTION, ETC. | |
| Place of publication, distribution, etc. | Cambridge : |
| Name of publisher, distributor, etc. | Concordia press, |
| Date of publication, distribution, etc. | [1991] c1973. |
| 300 ## - PHYSICAL DESCRIPTION | |
| Extent | 188 p. ; |
| Dimensions | 20 cm. |
| 600 10 - SUBJECT ADDED ENTRY--PERSONAL NAME | |
| Personal name | Irvine, Doreen. |
| 9 (RLIN) | 5624 |
| 650 #0 - SUBJECT ADDED ENTRY--TOPICAL TERM | |
| Topical term or geographic name entry element | Christian converts |
| Geographic subdivision | England |
| Form subdivision | Biography. |
| 9 (RLIN) | 5625 |
| 906 ## - LOCAL DATA ELEMENT F, LDF (RLIN) | |
| a | 7 |
| b | cbc |
| c | orignew |
| d | 1 |
| e | ocip |
| f | 19 |
| g | y-gencatlg |
| 942 ## - ADDED ENTRY ELEMENTS (KOHA) | |
| Source of classification or shelving scheme | Dewey Decimal Classification |
| Koha item type | Books |
| Koha issues (borrowed), all copies | 42 |
| Withdrawn status | Lost status | Source of classification or shelving scheme | Damaged status | Not for loan | Home library | Current Library | Shelving location | Date acquired | Total checkouts | Total renewals | Full call number | Barcode | Date last seen | Date last checked out | Copy number | Price effective from | Koha item type |
|---|---|---|---|---|---|---|---|---|---|---|---|---|---|---|---|---|---|
| Dewey Decimal Classification | GRACE BIBLE COLLEGE | GRACE BIBLE COLLEGE | Ministry & Mission | 2017-09-11 | 5 | 1 | 248.246092 IRV | 010906 | 2025-05-01 | 2023-12-18 | c.5 | 2017-09-11 | Books | ||||
| Dewey Decimal Classification | GRACE BIBLE COLLEGE | GRACE BIBLE COLLEGE | Ministry & Mission | 2017-11-14 | 7 | 2 | 248.246092 IRV | 010903 | 2025-05-01 | 2025-02-04 | c.2 | 2017-11-14 | Books | ||||
| Dewey Decimal Classification | GRACE BIBLE COLLEGE | GRACE BIBLE COLLEGE | Ministry & Mission | 2017-11-14 | 6 | 2 | 248.246092 IRV | 010904 | 2025-05-01 | 2023-12-07 | c.3 | 2017-11-14 | Books | ||||
| Dewey Decimal Classification | GRACE BIBLE COLLEGE | GRACE BIBLE COLLEGE | Ministry & Mission | 2017-11-14 | 10 | 2 | 248.246092 IRV | 010905 | 2025-05-01 | 2023-12-19 | c.4 | 2017-11-14 | Books | ||||
| Dewey Decimal Classification | GRACE BIBLE COLLEGE | GRACE BIBLE COLLEGE | Ministry & Mission | 2018-07-23 | 9 | 248.246092 IRV | 001255 | 2025-05-01 | 2023-12-11 | c.1 | 2018-07-23 | Books | |||||
| Dewey Decimal Classification | GRACE BIBLE COLLEGE | GRACE BIBLE COLLEGE | Ministry & Mission | 2018-07-30 | 6 | 1 | 248.246092 IRV | 013544 | 2025-05-01 | 2024-02-22 | c.6 | 2018-07-30 | Books |